Voyage en grande bourgeoisie : Journal d'enquête (notice n° 2161979)

détails MARC
000 -LEADER
fixed length control field 01312cam a2200145 4500500
005 - DATE AND TIME OF LATEST TRANSACTION
control field 20260405033441.0
041 ## - LANGUAGE CODE
Language code of text/sound track or separate title fre
042 ## - AUTHENTICATION CODE
Authentication code dc
100 10 - MAIN ENTRY--PERSONAL NAME
Personal name Pinçon, Michel
Relator term author
245 00 - TITLE STATEMENT
Title Voyage en grande bourgeoisie : Journal d'enquête
260 ## - PUBLICATION, DISTRIBUTION, ETC.
Name of publisher, distributor, etc. Presses Universitaires de France,<br/>
Date of publication, distribution, etc. 2005.<br/>
520 ## - SUMMARY, ETC.
Summary, etc. Comment vivent les familles fortunées ou moins fortunées de ce que l’on appelle la grande bourgeoisie et l’aristocratie française&amp;#8239;? Quels sont leurs réseaux de relations, leurs codes de reconnaissance et d’appartenance à ce milieu social&amp;#8239;? L’originalité de l’ouvrage tient aux dix années d’enquêtes et d’entretiens dans cet «espace social». C’est aussi une analyse du regard que ces familles portent sur elles-mêmes à travers les divers articles qu’elles suscitent dans les médias. Les auteurs expliquent la pratique des entretiens, l’observation, et l’écriture de cette enquête exemplaire qui est régulièrement rééditée depuis sa première édition en 1997 dans la collection Sciences sociales et sociétés. Cette deuxième édition Quadrige est mise à jour.
700 10 - ADDED ENTRY--PERSONAL NAME
Personal name Pinçon-Charlot, Monique
Relator term author
856 41 - ELECTRONIC LOCATION AND ACCESS
Uniform Resource Identifier <a href="https://shs.cairn.info/voyage-en-grande-bourgeoisie--9782130554202?lang=fr&redirect-ssocas=7080">https://shs.cairn.info/voyage-en-grande-bourgeoisie--9782130554202?lang=fr&redirect-ssocas=7080</a>

Pas d'exemplaire disponible.

PLUDOC

PLUDOC est la plateforme unique et centralisée de gestion des bibliothèques physiques et numériques de Guinée administré par le CEDUST. Elle est la plus grande base de données de ressources documentaires pour les Étudiants, Enseignants chercheurs et Chercheurs de Guinée.

Adresse

627 919 101/664 919 101

25 boulevard du commerce
Kaloum, Conakry, Guinée

Réseaux sociaux

Powered by Netsen Group @ 2025